<?xml version="1.0" encoding="UTF-8"?>
<collection xmlns="http://www.loc.gov/MARC21/slim">
 <record>
  <leader>03000naa a2200289 a 4500</leader>
  <controlfield tag="001">1/42807</controlfield>
  <controlfield tag="008">120719s2004    ne a     b    001 0 eng d</controlfield>
  <datafield tag="020" ind1=" " ind2=" ">
   <subfield code="a">9780126860405 (e-book : PDF)</subfield>
  </datafield>
  <datafield tag="035" ind1=" " ind2=" ">
   <subfield code="l">45683</subfield>
  </datafield>
  <datafield tag="040" ind1=" " ind2=" ">
   <subfield code="a">OPELS</subfield>
   <subfield code="c">OPELS</subfield>
   <subfield code="d">YDXCP</subfield>
   <subfield code="d">GR-PeUP</subfield>
  </datafield>
  <datafield tag="041" ind1="0" ind2=" ">
   <subfield code="a">eng</subfield>
  </datafield>
  <datafield tag="100" ind1="1" ind2=" ">
   <subfield code="a">Tham, Joseph.</subfield>
  </datafield>
  <datafield tag="245" ind1="1" ind2="0">
   <subfield code="a">Principles of cash flow valuation</subfield>
   <subfield code="h">[electronic resource] :</subfield>
   <subfield code="b">an integrated market-based approach /</subfield>
   <subfield code="c">Joseph Tham, Ignacio Velez-Pareja.</subfield>
  </datafield>
  <datafield tag="260" ind1=" " ind2=" ">
   <subfield code="a">Amsterdam ;</subfield>
   <subfield code="a">Boston, MA :</subfield>
   <subfield code="b">Elsevier Academic Press,</subfield>
   <subfield code="c">c2004.</subfield>
  </datafield>
  <datafield tag="300" ind1=" " ind2=" ">
   <subfield code="a">Ένα html e-book.</subfield>
  </datafield>
  <datafield tag="504" ind1=" " ind2=" ">
   <subfield code="a">Περιέχει βιβλιογραφία και ευρετήριο.</subfield>
  </datafield>
  <datafield tag="505" ind1="0" ind2=" ">
   <subfield code="a">Basic concepts in market-based cash flow valuation; Time value of money (TVM) and introduction to cost of capital; Basic review of financial statements and accounting concepts; Constructing integrated pro-forma financial statements; Derivation of the free cash flows; Using the WACC in theory and in practice; Estimating the WACC for non traded firms; Beyond the planning period: calculating the terminal value; Theory for cost of capital revisited;How are Cash Flows Valued in Reality?</subfield>
  </datafield>
  <datafield tag="520" ind1=" " ind2=" ">
   <subfield code="a">The valuation of assets, both tangible and intangible, is an important element of corporate finance. Putting a price tag on ideas is almost impossible, and in the new economy, where companies grow dependent on intangible assets all the time, market volatility can be attributed in large part to our collective ignorance of their value. There are two basic approaches to valuation: from financial statements to cash flows, and from cash flows to financial statements. The former projects historical financial statements into the future and the latter attempts to construct cash flow statements and use them in forecasting future financial statements. Established companies use the first method and start-ups the second. In Principles of Cash Flow Valuation, the authors strive to &quot;close the gap&quot; between these two approaches by presenting the principles of cash flow valuation and cost of capital in a clear and systematic fashion. * Provides the only exclusive treatment of cash flow valuation * Authors use examples and a case study to illustrate ideas * Presentation appropriate for a range of technical backgrounds: ideas are presented clearly, full exposition is also provided * Named among the Top 10 financial engineering titles by Financial Engineering News.</subfield>
  </datafield>
  <datafield tag="533" ind1=" " ind2=" ">
   <subfield code="a">Ηλεκτρονικό βιβλίο</subfield>
   <subfield code="n">Τρόπος πρόσβασης μέσω διαδικτύου.</subfield>
  </datafield>
  <datafield tag="650" ind1=" " ind2="4">
   <subfield code="a">Cash flow</subfield>
   <subfield code="x">Valuation.</subfield>
  </datafield>
  <datafield tag="650" ind1=" " ind2="4">
   <subfield code="a">Cash flow</subfield>
   <subfield code="x">Accounting.</subfield>
  </datafield>
  <datafield tag="655" ind1=" " ind2="4">
   <subfield code="a">Electronic books.</subfield>
  </datafield>
  <datafield tag="700" ind1="1" ind2=" ">
   <subfield code="a">Velez Pareja, Ignacio,</subfield>
   <subfield code="d">1943-</subfield>
  </datafield>
  <datafield tag="852" ind1=" " ind2=" ">
   <subfield code="a">INST</subfield>
   <subfield code="b">UNIPILB</subfield>
   <subfield code="c">EBOOKS</subfield>
   <subfield code="e">20120719</subfield>
   <subfield code="p">00b45683</subfield>
   <subfield code="q">00b45683</subfield>
   <subfield code="t">ONLINE</subfield>
   <subfield code="y">0</subfield>
  </datafield>
  <datafield tag="856" ind1="4" ind2="0">
   <subfield code="u">http://www.sciencedirect.com/science/book/9780126860405</subfield>
  </datafield>
  <datafield tag="856" ind1="4" ind2="1">
   <subfield code="3">Table of contents</subfield>
   <subfield code="u">http://www.loc.gov/catdir/toc/els051/2004295119.html</subfield>
  </datafield>
  <datafield tag="856" ind1="4" ind2=" ">
   <subfield code="d">/webopac/covers/03/45683_9780126860405.jpg</subfield>
   <subfield code="z">(e-book : PDF)</subfield>
  </datafield>
 </record>
</collection>
